000 01356nam2a22003371 4500
001 v19\rc\1789589
005 20250619075701.0
035 _a(NLR Aleph) 004881466
090 _a5174592
_c5174592
100 _a20061204d1906 |||y0rusy50 ca
101 1 _arus
_cnor
_cnor
102 _aRU
105 _ay z |||a|
200 1 _aПан
_e[Из бумаг лейтенанта Томаса Глана
_fПер. О. Химона]
_aВечерняя заря
_e[Драма в 3 д.
_fПер. В.Ф. Корш]
210 _d1906
_aБ. м.
215 _a279 с.
461 0 _1001v19\rc\1789585
_12001#$a... Полное собрание сочинений$eТ. 1-14$fКнут Гамсун$vТ. 5
_1700#1$aГамсун$bК.$f1859-1952$gКнут
_95174557
_aГамсун, К. (1859-1952)
_cМосква
_d1905-1911
_fКнут Гамсун
_nВ.М. Саблин
_oТ. 1-14
_tПолное собрание сочинений
_vТ. 5
702 1 _aХимон
_bО.
_4730
702 1 _aКорш
_bВ.Ф.
_gВера Федоровна
_4730
801 0 _aRU
_bNLR
_gpsbo
801 0 _aRU
_bRuMoRGB
_2psbo
801 1 _aRU
_bProSoft-M
_2rusmarc
852 _aNLR
_j38.39.4.16
899 _aRuMoRGB
_jJ 64/160
899 _aRuMoRGB
_jW 23/141
899 _aRuMoRGB
_jРб 10/2185
899 _aRuMoRGB
_jV 159/204
899 _aБАН
899 _aГПИБ
942 _cBOOK
980 _aNB